Apellidos mas comunes en Colombia - Estadísticas

Estadísticas generales
  • Esta prueba ha sido intentada 102 veces
  • La puntuación promedio es 6 de 10
Estadísticas de respuestas
Orden Apellido Numero % Correcto
1 Rodríguez 903.289
81%
3 García 641.560
65%
5 López 635.034
63%
2 Martínez 691.617
62%
7 Hernández 576.804
59%
9 Pérez 535.053
58%
6 González 591.384
54%
4 Gómez 637.104
49%
8 Sánchez 560.923
44%
10 Ramírez 504.013
33%
No se encontraron pruebas coincidentes
Distribución de puntuación
Porcentaje de gente con cada puntuación
Porcentaje por número respondido
Historial de tus puntuaciones
No has intentado esta prueba.